000 00611cab a2200205 4500
001 WB3438-11
008 090401t1998 xxu||||| |||| 00| 0 eng d
035 _a(Sirsi) u88902
041 _aeng
245 4 _aThe pursuit of pricing power
260 _c1998
350 _a0
490 _aFinancial Times
_v9 OCtober 1998, 27(1)
520 _aExamines why analysts are divided about the extent to which a developer`s influence uopn prices resembles other sectors.
650 _aPRICING POWER
650 _aPRICING STRUCTURE
690 _aPROPERTY-COMMERCIAL PROPERTY
942 _n0
948 _c09/10/1998
999 _c56218
_d56218